000 00568pam a2200217 a 4500
001 547434
005 20171220091841.0
008 880401s1988 no b 000 0 eng
010 _a 88008858
020 _a0391036025 (U.S.)
040 _aDLC
_cDLC
_dDLC
041 _aeng
080 _a339.47 OTN
082 0 0 _a339.47 OTN
_219
100 _a50
101 _aSOC
245 0 4 _aThe Sociology of consumption :
_cPer Otnes, ed.
504 _aBibliography: p. 179-191.
906 _a7
_bcbc
_corignew
_d1
_eocip
_f19
_gy-gencatlg
942 _2ddc
_cBK
999 _c39245
_d39245